000 00314pab a2200145 454500
008 180718b1987 xxu||||| |||| 00| 0 eng d
100 _aBhatt, S.C.
245 _aMedia - a mixed scenario
260 _c1987
300 _a94-7
362 _a15 Aug.
650 _aMass Media
773 _aYojana
909 _a13289
999 _c13289
_d13289